Normal view
MARC view
- Rajaraman, J Radhakrishnan, T
Entry Personal Name
001 - CONTROL NUMBER
- control field: 74444
003 - CONTROL NUMBER IDENTIFIER
- control field: NUST
005 - DATE AND TIME OF LATEST TRANSACTION
- control field: 20210628205220.0
008 - FIXED-LENGTH DATA ELEMENTS
- fixed length control field: 210628|| aca||aabn | a|a d
040 ## - CATALOGING SOURCE
- Original cataloging agency: NUST
- Transcribing agency: NUST
100 ## - HEADING--PERSONAL NAME
- Personal name: Rajaraman, J Radhakrishnan, T
670 ## - SOURCE DATA FOUND
- Source citation: Work cat.: (NUST): Rajaraman, J Radhakrishnan, T, An introduction to digital computer design, 1997
